000 00866nam a2200289Ia 4500
003 OSt
005 20250129102608.0
008 210716s2000 xx 000 0 und d
020 _a8126500298
040 _cAIMIT LIBRARY
041 _aeng
082 _a005.7401
_21
_bMCCC
100 _aMccullough Dieter,Carol.
_9195891
245 _aOracle 8 bible /
_cBy Carol McCullough Dieter.
250 _a1st ed.
260 _aNew Delhi :
_bIDG Books India ,
_c2000.
300 _axxxi,1133
_bPB
_c 25cm.
650 _aNuts and bolts
_9195892
650 _aTuning and backup
_9195893
650 _aAdvanced topics
_9195894
650 _aSchema manager for tables
_9195895
650 _aSql for queries
_9195896
650 _aSQL for tables
_9195897
650 _aOracle backup
_9195898
650 _aOracle 8 backup
_9195899
942 _2ddc
_cBK
_e1st
_k005.7401 MCCC
999 _c183764
_d183764